Beatboxeurs par image - Statistiques

Statistiques générales
  • Ce quiz a été pris 19 fois
  • Le résultat moyen est 10 sur 20
Statistiques - réponses
Par images Réponse % Correct
MB14
94%
WaWad
88%
Alem
76%
Alexinho
76%
River'
76%
D-Low
71%
NaPom
71%
Saro
71%
Beatness
59%
Rythmind
59%
Gene Shinozaki
35%
Reeps One
35%
Tom Thum
35%
ZeDe
29%
Beardyman
18%
Kaila Mullady
18%
Prichia
18%
Doug E. Fresh
12%
Kenny Muhammad
12%
Rahzel
12%
Aucun quiz correspondant
Distribution des résultats
% des personnes avec chaque résultat
Percentile par nombre de réponses
Votre historique - résultats
Vous n’avez pas pris ce quiz